LEADER 01890nas 2200505 c 450 001 9910893441503321 005 20260218110309.0 024 7 $aurn:nbn:de:bsz:boa-zdb2461075-63 035 $a(CKB)5280000000196570 035 $a(DE-599)ZDB2461075-6 035 $a(OCoLC)643808988 035 $a(DE-101)990996573 035 $a(DE-599)2461075-6 035 $a(EXLCZ)995280000000196570 100 $a20081028a19929999 |y | 101 0 $ager 135 $aur||||||||||| 181 $ctxt$2rdacontent 182 $cc$2rdamedia 183 $acr$2rdacarrier 200 00$aGrundwasser-U?berwachungsprogramm$h[...]$iErgebnisse der Beprobung$fHrsg.: LUBW Landesanstalt fu?r Umwelt, Messungen und Naturschutz Baden-Wu?rttemberg 210 31$aKarlsruhe$cLUBW$d1992- 215 $aOnline-Ressource 300 $aGesehen am 19.06.20 517 $aGrundwasser-Überwachungsprogramm 517 1 $aGrundwasser-U?berwachungsprogramm / Ergebnisse der Beprobung 606 $aGrundwasser$3(DE-588)4022369-3$3https://d-nb.info/gnd/4022369-3$3(DE-101)040223698$2gnd 606 $aSchadstoffbelastung$3(DE-588)4179311-0$3https://d-nb.info/gnd/4179311-0$3(DE-101)041793110$2gnd 606 $aKontrolle$3(DE-588)4032312-2$3https://d-nb.info/gnd/4032312-2$3(DE-101)040323129$2gnd 607 $aBaden-Württemberg$2gnd 608 $aZeitschrift$2gnd-content 608 $aOnline-Publikation$2gnd 615 7$aGrundwasser. 615 7$aSchadstoffbelastung. 615 7$aKontrolle. 676 $a550 712 02$aLandesanstalt fu?r Umwelt, Messungen und Naturschutz Baden-Wu?rttemberg$4isb 712 02$aLandesanstalt fu?r Umweltschutz Baden-Wu?rttemberg$bAbteilung Wasser$4isb 801 0$b0031 801 1$bDE-101 801 2$b9001 906 $aJOURNAL 912 $a9910893441503321 996 $aGrundwasser-Überwachungsprogramm$94226720 997 $aUNINA